[Event "Fourmies op 35th"]
[Site "Fourmies"]
[Date "2011.06.12"]
[Round "5"]
[White "Cappon, John"]
[Black "Debehaigne, Benoit"]
[Result "1-0"]
[WhiteElo "2251"]
[BlackElo "1994"]
[PlyCount "55"]
[EventDate "2011.06.11"]
[EventType "swiss"]
[EventRounds "7"]
[EventCountry "FRA"]
[SourceTitle "CBM 142 Extra"]
[Source "ChessBase"]
[SourceDate "2011.06.27"]
[SourceVersion "1"]
[SourceVersionDate "2011.06.27"]
[SourceQuality "1"]

1. e4 c5 2. Nf3 Nc6 3. Bb5 e6 4. 0-0 Nge7 5. Re1 a6 6. Bf1 Ng6 7. c3 d5 8. exd5 Qxd5 9. d4 b5 10. c4 bxc4 11. Nc3 Qd6 12. d5 Nd8 13. Bxc4 h6 14. h4 Rb8 15. a3 Qe7 16. h5 Nh4 17. Ne5 Nf5 18. Qa4+ Bd7 19. Nxd7 Qxd7 20. Qxa6 Nd4 21. Bf4 Rb7 22. dxe6 fxe6 23. Bd3 Be7 24. Bg6+ Nf7 25. Qa8+ Bd8 26. Ne4 0-0 27. Nxc5 Ra7 28. Nxd7 1-0

[Event "Syre Memorial op 19th"]
[Site "Issy les Moulineaux"]
[Date "1996.??.??"]
[Round "2"]
[White "Demarre, Jacques"]
[Black "Debehaigne, Benoit"]
[Result "1-0"]
[WhiteElo "2295"]
[BlackElo "1790"]
[PlyCount "55"]
[EventDate "1996.05.??"]
[EventType "swiss"]
[EventRounds "6"]
[EventCountry "FRA"]
[SourceTitle "EXT 2005"]
[Source "ChessBase"]
[SourceDate "2004.11.15"]
[SourceVersion "1"]
[SourceVersionDate "2004.11.15"]
[SourceQuality "1"]

1. e4 c5 2. c3 e6 3. d4 d5 4. exd5 exd5 5. Nf3 Nc6 6. Be3 c4 7. b3 b5 8. a4 Qa5 9. Be2 Nf6 10. 0-0 Be7 11. Nbd2 b4 12. cxb4 Nxb4 13. bxc4 0-0 14. Nb3 Qc7 15. c5 Bf5 16. Qd2 Rab8 17. Bf4 Qb7 18. Bxb8 Rxb8 19. Bb5 Nc2 20. Ra2 a6 21. Na5 Qc7 22. Nc6 Rb7 23. Bxa6 Rb3 24. Nxe7+ Qxe7 25. Rxc2 Qe4 26. Rc3 Rb8 27. c6 Qg4 28. h3 1-0